Learning Resource and Development

Journal of public management and development. (Record no. 31499)

MARC details
000 -LEADER
fixed length control field 02619cas a2200361 i 4500
003 - CONTROL NUMBER IDENTIFIER
control field CSPC
005 - DATE AND TIME OF LATEST TRANSACTION
control field 20260115115611.0
008 - FIXED-LENGTH DATA ELEMENTS--GENERAL INFORMATION
fixed length control field 260115c2021 ph ar p 0 0eng
010 ## - LIBRARY OF CONGRESS CONTROL NUMBER
LC control number 2011342724
022 ## - INTERNATIONAL STANDARD SERIAL NUMBER
International Standard Serial Number 2782-8859
040 ## - CATALOGING SOURCE
Original cataloging agency CSPC
Language of cataloging eng
Transcribing agency CSPC
Description conventions rda
050 00 - LIBRARY OF CONGRESS CALL NUMBER
Classification number JQ3751.A1
Item number E84
245 00 - TITLE STATEMENT
Title Journal of public management and development.
246 1# - VARYING FORM OF TITLE
Title proper/short title EJPMD
264 #1 - PRODUCTION, PUBLICATION, DISTRIBUTION, MANUFACTURE, AND COPYRIGHT NOTICE
Place of production, publication, distribution, manufacture Pasig City :
Name of producer, publisher, distributor, manufacturer Development Academy of the philippines,
Date of production, publication, distribution, manufacture, or copyright notice 2021.
300 ## - PHYSICAL DESCRIPTION
Extent volumes :
Other physical details illustrations ;
Dimensions 25 cm.
310 ## - CURRENT PUBLICATION FREQUENCY
Current publication frequency Annual
336 ## - CONTENT TYPE
Source rdacontent
Content type term text
337 ## - MEDIA TYPE
Source rdamedia
Media type term unmediated
338 ## - CARRIER TYPE
Source rdacarrier
Carrier type term volume
362 1# - DATES OF PUBLICATION AND/OR SEQUENTIAL DESIGNATION
Dates of publication and/or sequential designation Volume 2, Number 1
362 1# - DATES OF PUBLICATION AND/OR SEQUENTIAL DESIGNATION
Dates of publication and/or sequential designation Volume 2, Number 2
490 #1 - SERIES STATEMENT
Series statement A journal of the Development Academy of the Philippines Graduate School of the Public and Development Management.
504 ## - BIBLIOGRAPHY, ETC. NOTE
Bibliography, etc. note Includes bibliographical references.
505 0# - FORMATTED CONTENTS NOTE
Formatted contents note An assessment of the smart city approach in the context of highly urbanized cities in the Philippines -- Developing, reclaiming, and democratizing green and open spaces -- Critical perspectives on localizing sustainable development goal 11.4 : framing subnational governments' role in protecting and safeguarding the nations' cultural and natural heritage -- Preserving the cultural heritage as a lifetime achievement: the case of the province of Bohol and special cases -- Covid 19 and the need for the public and open spaces: a case study in Quezon City -- Covid-19 and the Philippine food crisis: the Luzon lockdown to agricultural value chains and access to food -- Interrogating urban resilience through futures thinking: Implications and imperatives for urban disaster risk management planning in the Philippines -- Local government autonomy index or the LGA index: analyzing the governance impact of further devolution in the Philippines as a result of Mandanas vs. Ochoa, Jr. -- Tracking SDGs and innovation progress in the Philippines : disaster management and the fourth industrial revolution -- Promoting sustainable consumption and production in the Philippines: Materials recovery and recycling policies, datasets, and best practices for solid waste management.
650 #0 - SUBJECT ADDED ENTRY--TOPICAL TERM
Topical term or geographic name entry element Public administration
Form subdivision Periodicals.
650 #7 - SUBJECT ADDED ENTRY--TOPICAL TERM
Topical term or geographic name entry element Politics and government
Source of heading or term fast
Authority record control number or standard number (OCoLC)fst01919741
650 #7 - SUBJECT ADDED ENTRY--TOPICAL TERM
Topical term or geographic name entry element Public administration.
Source of heading or term fast
Authority record control number or standard number (OCoLC)fst01081976
700 #1 - ADDED ENTRY--PERSONAL NAME
Personal name Perante-Calina, Lizan E.,
Relator term editors.
700 #1 - ADDED ENTRY--PERSONAL NAME
Personal name Rebullida, Maria Lourdes G.,
Relator term editors.
942 ## - ADDED ENTRY ELEMENTS (KOHA)
Source of classification or shelving scheme Dewey Decimal Classification
Suppress in OPAC No
Koha item type Serials
Item part J826
Call number prefix SER
Call number suffix 2021
Holdings
Withdrawn status Lost status Source of classification or shelving scheme Damaged status Not for loan Home library Current library Shelving location Date acquired Serial Enumeration / chronology Total Checkouts Full call number Barcode Date last seen Copy number Price effective from Koha item type Public note
    Dewey Decimal Classification   Not For Loan Main Library Main Library Serials 01/15/2026 July 2021 Volume 2, number 1   Ser ECO DEV 4 v.2 n.1 01497S 01/15/2026 1-1 01/15/2026 Serials Journal
    Dewey Decimal Classification   Not For Loan Main Library Main Library Serials 01/15/2026 December 2021 Volume 2, number 2   Ser ECO DEV 4 v.2 n.2 01498S 01/15/2026 1-1 01/15/2026 Serials Journal